Paroles : Désenchantée - Mylène Farmer - Statistiques

Statistiques générales
  • Ce quiz a été pris 1 831 fois
  • Le résultat moyen est 111 sur 146
Statistiques - réponses
Paroles % Correct
de
99%
De
99%
A
98%
a
98%
Des
98%
des
98%
je
97%
Je
97%
désenchantée,
95%
désenchantée
95%
le
95%
Le
95%
ma
94%
est
93%
génération
93%
suis
93%
Tout
93%
tout
93%
un
93%
la
92%
La
92%
qui
92%
Qui
92%
Du
90%
les
90%
mes
89%
se
89%
une
89%
côté
88%
idéaux
88%
ne
88%
Tous
87%
cherche
86%
dans
86%
Dans
86%
n'a
86%
mots
85%
Pourra
85%
Que
85%
rien
85%
et
84%
chaos
83%
m'aider
83%
Si
82%
va
81%
va.
81%
âme,
80%
D'une
80%
sens,
79%
vie
77%
Mais
75%
chute
74%
eaux
74%
haut
74%
soit
74%
tendre
74%
troubles
74%
lendemains
73%
l'indifférence
73%
main
73%
Abimés...
72%
lente
72%
tomber
72%
trouvé
72%
dois
71%
n'ai
71%
repos
70%
peut
69%
Nager
67%
presque
67%
Attendre
66%
bien
66%
l'innocence
66%
ciel
65%
enfer
64%
fin
64%
mystère
64%
retrouver
64%
voudrais
63%
mort
61%
trop
59%
ici
58%
l'air
58%
Plus
58%
plus
58%
lourd
57%
quel
57%
entendre
56%
pourrait
56%
Quand
56%
m'empêcher
55%
Pourtant,
55%
vouer
53%
prétendre
52%
son
52%
raison
51%
ces
50%
saint
48%
m'attendre
47%
Flotter
46%
s'effondre
46%
Nous
42%
moi,
41%
prendre
41%
:
40%
comment
40%
ventre
40%
bercer
38%
s'y
37%
Dis
36%
contraires
31%
vents
31%
Aucun quiz correspondant
Distribution des résultats
% des personnes avec chaque résultat
Percentile par nombre de réponses
Votre historique - résultats
Vous n’avez pas pris ce quiz